LEADER 00860nam0-2200313---450- 001 990009590790403321 005 20120614095343.0 010 $a978-0-19-547927-0 035 $a000959079 035 $aFED01000959079 035 $a(Aleph)000959079FED01 035 $a000959079 100 $a20120614d2010----km-y0itay50------ba 101 0 $aeng 102 $aPK 105 $ay-------001yy 200 1 $aJinnah$eIndia, partition, independence$fJaswant Singh 210 $aKarachi$cOxford University press$d2010 215 $aXV, 550 p.$c[8] c. di tav. : ill.$d25 cm 610 0 $aIndia$aStoria 676 $a954.04$v22$zita 700 1$aSingh,$bJaswant$0516892 801 0$aIT$bUNINA$gREICAT$2UNIMARC 901 $aBK 912 $a990009590790403321 952 $aXIII A 432$b49167$fFSPBC 959 $aFSPBC 996 $aJinnah$9844593 997 $aUNINA LEADER 01386nam0 22003493i 450 001 UMC0094484 005 20231121125912.0 010 $a0198140495 010 $a0198144962 100 $a20180206d1987 ||||0itac50 ba 101 | $aeng$agrc 102 $agb 181 1$6z01$ai $bxxxe 182 1$6z01$an 200 1 $aLysistrata$fAristophanes$gedited with introduction and commentary by Jeffrey Henderson 210 $aOxford$cClarendon Press$d1987 215 $aLXXII, 236 p.$d19 cm. 606 $aAristofane . Lisistrata$xEdizioni critiche$2FIR$3RMLC440357$9E 676 $a882.01$9Poesia drammatica e letteratura drammatica greca classica. Periodo antico, fino al 499 ca.$v22 700 0$aAristophanes$3CFIV018870$4070$0602827 702 1$aHenderson$b, Jeffrey$3RAVV074901 790 0$aAristofane$3CFIV018871$zAristophanes 790 0$aAristofan?s$3CFIV316949$zAristophanes 790 1$aHenderson$b, Jeffrey William$3TO0V156036$zHenderson, Jeffrey 801 3$aIT$bIT-01$c20180206 850 $aIT-FR0017 899 $aBiblioteca umanistica Giorgio Aprea$bFR0017 $eN 912 $aUMC0094484 950 0$aBiblioteca umanistica Giorgio Aprea$d 52S.SIJ. LG1 Ari.Lys.Hen.$e 52DUP0000078215 VMB RS FAR 2004 prof. Napolitano$fA $h20180206$i20180206 977 $a 52 996 $aLysistrata$92967076 997 $aUNICAS